Internacionalización de empresas y tecnología de origen argentino (Registro nro. 6585)
[ vista simple ]
| 000 -LEADER | |
|---|---|
| fixed length control field | 01328 a2200253 4500 |
| 001 - CONTROL NUMBER | |
| control field | 59032 |
| 005 - DATE AND TIME OF LATEST TRANSACTION | |
| control field | 20260407155845.0 |
| 008 - FIXED-LENGTH DATA ELEMENTS--GENERAL INFORMATION | |
| fixed length control field | 260407a arg spa d |
| 003 - CONTROL NUMBER IDENTIFIER | |
| control field | AR-UNSa-BCEJYS |
| 040 ## - CATALOGING SOURCE | |
| Original cataloging agency | AR-UNSa-BCEJYS |
| Language of cataloging | spa |
| Transcribing agency | AR-UNSa-BCEJYS |
| 080 ## - UNIVERSAL DECIMAL CLASSIFICATION NUMBER | |
| Universal Decimal Classification number | 339.5 |
| Common auxiliary subdivision | Comercio exterior. Comercio Internacional |
| 020 ## - INTERNATIONAL STANDARD BOOK NUMBER | |
| International Standard Book Number | 950-23-0191-9 |
| 100 1# - MAIN ENTRY--PERSONAL NAME | |
| Personal name | Ablin, Eduardo |
| 245 10 - TITLE STATEMENT | |
| Title | Internacionalización de empresas y tecnología de origen argentino |
| 264 #1 - PRODUCTION, PUBLICATION, DISTRIBUTION, MANUFACTURE, AND COPYRIGHT NOTICE | |
| Place of production, publication, distribution, manufacture | Buenos Aires : |
| Name of producer, publisher, distributor, manufacturer | EUDEBA (Editorial Universitaria de Buenos Aires) |
| 300 ## - PHYSICAL DESCRIPTION | |
| Extent | 331 p. |
| Dimensions | 23 cm. |
| 505 ## - FORMATTED CONTENTS NOTE | |
| Formatted contents note | 1. De la industria incipiente a la exportación de tecnología: la experiencia argentina en la venta internacional de plantas industriales y obras de ingeniería (1973-1977) – 2. Los servicios de consultoría en la Argentina: oferta local y experiencia exportadora – 3. Exportación argentina de servicios de ingeniería y construcción – 4. Inversiones directas en el exterior de empresas industriales argentinas – 5. Análisis comparativo de los estudios sobre la actividad internacional de empresas argentinas propuestas para políticas publicas |
| 590 ## - LOCAL NOTE (RLIN) | |
| Local note | niveau_biblio:m niveau_hierar:0 |
| 700 1# - ADDED ENTRY--PERSONAL NAME | |
| Personal name | Gatto, Francisco |
| 700 1# - ADDED ENTRY--PERSONAL NAME | |
| Personal name | Katz, Jorge M. |
| 700 1# - ADDED ENTRY--PERSONAL NAME | |
| Personal name | Kosacoff, Bernardo |
| 700 1# - ADDED ENTRY--PERSONAL NAME | |
| Personal name | Soifer, Ricardo J. |
| 942 ## - ADDED ENTRY ELEMENTS (KOHA) | |
| Koha item type | |
| Withdrawn status | Lost status | Damaged status | Not for loan | Home library | Current library | Shelving location | Date acquired | Total checkouts | Full call number | Barcode | Date last seen | Price effective from | Koha item type |
|---|---|---|---|---|---|---|---|---|---|---|---|---|---|
| Biblioteca Prof. Eusebio Cleto del Rey | Biblioteca Prof. Eusebio Cleto del Rey | 07/04/2026 | 339.5 A152 | L85642 | 07/04/2026 | 07/04/2026 | Libro |